|
|
|
|
| LEADER |
00000nab a2200000 a 4500 |
| 001 |
vtls000501666 |
| 003 |
SK-MaSNL |
| 005 |
20260318122057.0 |
| 008 |
160115c1993 xo 0 hun |
| 015 |
|
|
|a SNBRB19rr/mm-uuuuu
|
| 035 |
|
|
|a CL0501804
|
| 040 |
|
|
|a SNKBUCL
|b slo
|c SNKBUCL
|e AACR2
|
| 041 |
0 |
|
|a hun
|
| 044 |
|
|
|a xo
|c SK
|
| 080 |
|
|
|a 943.7"1921"
|2 1981
|
| 100 |
1 |
|
|a Szőke, József
|4 aut
|9 492546
|
| 245 |
1 |
0 |
|a Habsburgok, magyarok, csehek 3
|b Múltfaggató
|c József Szőke
|
| 651 |
|
7 |
|a Československo
|2 snkbucl
|9 21376
|
| 655 |
|
7 |
|a články z novín a časopisov
|2 snkbucl
|9 267496
|
| 773 |
0 |
|
|t Új szó
|g Roč. 46, č. 262 (10. 11. 1993), s. 7
|
| 850 |
|
|
|a Slovenská národná knižnica v Martine
|a DSG001
|
| 852 |
|
|
|a SNK
|b KIS3GCP
|
| 958 |
|
|
|a RK
|
| 992 |
|
|
|a RBX
|
| 999 |
|
|
|c 3264513
|d 3266443
|